000 00585nam a2200157 i 4500
001 28171
003 ES-MaACL
005 20230906153801.0
007 t|
008 030116s1909 it ||||1| ita d
245 0 0 _aSaggio bibliografico degli articoli contenuti in riviste italiane e straniere sulle questioni del lavoro
_b: anno 5., 1908.
260 _aRoma :
_b[s.n.],
_c1909 (
_fOfficina poligrafica italiana)
300 _aVIII, 50 h. ;
_c26 cm.
594 _aPrecede al tít.: Ministero di Agricoltura, Industria e Commercio, Ufficio del lavoro.
852 _aES-MaACL
_jT-1188-F-10
999 _c28171
_d28171